书目信息 |
| 题名: |
管理数学
|
|
| 作者: | 韩伯棠 , 吴祈宗 , 李金林 编 | |
| 分册: | ||
| 出版信息: | 北京 北京理工大学出版社 1997 |
|
| 页数: | 242页 | |
| 开本: | 26cm | |
| 丛书名: | ||
| 单 册: | ||
| 中图分类: | C931.1 | |
| 科图分类: | ||
| 主题词: | 管理--技术 , 管理学--数学 | |
| 电子资源: | ||
| ISBN: | 7-81045-289-4 | |
| 000 | 00643nam0 2200229 45 | |
| 001 | 0306161777 | |
| 005 | 20031219104111.1 | |
| 010 | @a7-81045-289-4@dCNY18.50 | |
| 100 | @a20030616d1997 km y0chiy0120 ea | |
| 101 | 0 | @achi |
| 105 | @a z 000yy | |
| 200 | 1 | @a管理数学@AGuan Li Shu Xue@f韩伯棠,吴祈宗,李金林编@FHan Bo Tang,Wu Qi Zong,Li Jin Lin Bian |
| 210 | @a北京@c北京理工大学出版社@d1997 | |
| 215 | @a242页@d26cm | |
| 606 | 0 | @a管理@x技术 |
| 606 | 0 | @a管理学@x数学 |
| 690 | @aC931.1@v4 | |
| 701 | 0 | @a韩伯棠@4编 |
| 701 | 0 | @a吴祈宗@4编 |
| 701 | 0 | @a李金林@4编 |
| 801 | @aCN@bTSTC@c20030616 | |
| 905 | @b324138-142@dC931.1@e121@f5 | |
| 管理数学/韩伯棠,吴祈宗,李金林编.-北京:北京理工大学出版社,1997 |
| 242页;26cm |
| ISBN 7-81045-289-4:CNY18.50 |
| ● |
| 相关链接 |
|
|
|
|
正题名:管理数学
索取号:C931.1/121
 
预约/预借
| 序号 | 登录号 | 条形码 | 馆藏地/架位号 | 状态 | 备注 |
| 1 | 0324138 | 203241385 | 第一借阅区/ [索取号:C931.1/121] | 在馆 | |
| 2 | 0324139 | 203241394 | 第一借阅区/ [索取号:C931.1/121] | 在馆 | |
| 3 | 0324140 | 203241401 | 第一借阅区/ [索取号:C931.1/121] | 在馆 | |
| 4 | 0324141 | 203241410 | 第一借阅区/ [索取号:C931.1/121] | 在馆 | |
| 5 | 0324142 | 203241429 | 第一样本阅览室/ [索取号:C931.1/121] | 在馆 |